Statistiques concernant Inazuma Eleven - Toutes les supertechniques de Chrono Storm

Cliquez ici pour prendre le quiz!

Statistiques générales

  • Ce quiz a été pris 270 fois
    (269 depuis la dernière actualisation)
  • Le résultat moyen est 14 sur 27

Statistiques - réponses

Joueur(s)Réponse% Correct
GoldiePâte gluante
86%
JPArrêt surprise
77%
GabyLa flamme
77%
ZanarkJe suis le tout-puissant
74%
FeyLièvre bondissant
74%
ArionTacle fantôme
73%
Arion/Victor/RiccardoAttaque équipe ultime
72%
ArionAttaque ventriculaire
71%
GabyBrume épaisse
71%
JPChant des trois royaumes
69%
ArionEpée du roi
68%
GoldieTir pétri
65%
RiccardoPropulsion éphémère
57%
Fey/ArionLièvre bondissant surpuissant
55%
VictorKatana chrysanthème
52%
FeyMâchoire jurassique
52%
GoldieIllusion éblouissante
47%
RiccardoHymne d'Athéna
46%
ArionVent déchaîné
42%
SupertactiqueTacticien céleste volcanique
36%
RyomaGrand courant des ténèbres
35%
SupertactiquePlan parfait
31%
SorLance du chasseur
20%
FeyFièvre de lune
19%
GoldieFlèche de l'aube
19%
FeyTir de défense torcadé
5%
ArionTacle puissance 3
4%

Distribution des résultats

Percentile par nombre de réponses

% des personnes avec chaque résultat

Votre développement - résultats

Vous n’avez pas pris ce quiz depuis la dernière actualisation